000 01417nam a2200433 a 4500
001 Z_5168
003 CHAP
005 20230607140217.0
007 ta
008 220113s2001 mx a fr 001 0 s d
010 _a168228
020 _a968-426-857-2
040 _cCHAP
_aZ
082 0 0 _a574.192
_bH37 2001
_220
240 1 0 _aHarper´s biochemistry
_lEspañol
245 1 0 _aBioquímica de Harper /
_ceditror Robert K. Murray...[et. al.]; traducción Javier Eduardo Gómez Saborio, José Ramón Murillo Zaragoza y Iliana Naget Arsof Saab
250 _a15 edición
264 _aMéxico :
_bEl Manual Moderno,
_c2001
300 _axiv, 1021 páginas
336 _2rdacontent
_atexto
_btxt
337 _2rdamedia
_asinmedio
_bn
338 _2rdacarrier
_avolumen
_bnc
500 _aTraducido de la obra en inglés: Harper´s ilustrated biochemistry de 2000
503 _aej.1: C/E
504 _aIncluye bibliografía
534 _pTítulo original: Harper´s biochemistry. 2000
650 1 3 _aBioquímica
_912849
650 1 3 _aProteínas
_992446
650 1 3 _aEnzimas
_937195
650 1 3 _aMetabolismo de aminoácidos
_9187141
650 1 3 _aMetabolismo de carbohidratos
_9187146
700 1 _aMurray, Robert K., ed.
_9139525
700 1 _a Gómez Saborio, Javier Eduardo, tr.
_9141161
901 _a574.192 H37 2001
902 _aM
910 _a2001
942 _cLIBRO
_2ddc
942 _2ddc
999 _c168228
_d168228